000 00765nam a22002297a 4500
003 LK-CoMWRAF
008 231024b1998 |||||||| |||| 00| 0 eng d
020 _a8173042071
040 _aLK-CoMWRAF
_dLK-CoMWRAF
_eLK-CoMWRAF
041 _aeng
082 _a323.1548
_bETH
111 _aINTERNATIONAL SEMINAR ON ETHNICITY IN SOUTH ASIA
_c(Colombo
_d19-20 February 1995)
245 _aEthnicity and constitutional reform in South Asia
260 _aNew Delhi:
_bManohar,
_c1998
300 _a190 p. ; 23 cm.
650 _aETHNICITY-South Asia-Congresses
650 _aConstitutional history--South Asia
650 _aSouth Asia--Politics and government
700 _aIftekharuzzaman
_eed.
710 _aRegional Centre for Strategic Studies (RCSS)
942 _cCP
999 _c3988
_d3988